Poslanie zostať človekom

Bibliographic Details
Main Authors: Součková, Marta, 1963- (Author), Huxley, Aldous, 1894-1963 (Author)
Format: Article
Language:Slovak
Subjects:

MARC

LEADER 00000nab a2200000 a 4500
001 vtls000342596
003 SK-MaSNL
005 20260303164211.0
008 230313c1989 xo 0 slo
015 |a SNBRB19rr/mm-uuuuu 
035 |a CL0342718 
035 |a urn:nbn:sk:snk-abbivk 
035 |a (urnnbn)urn:nbn:sk:snk:ar-002gz1 
035 |a (uuid)b0945e70-71b8-4209-857d-9c7f463fed7e 
040 |a SNKBUCL  |b slo  |c SNKBUCL  |e AACR2 
041 0 |a slo 
044 |a xo  |c SK 
080 |a 82.09:820-3(048)  |2 1981 
080 |a 820-3(048)  |2 1981 
100 1 |a Součková, Marta,  |d 1963-  |4 aut  |9 13337 
245 1 0 |a Poslanie zostať človekom  |c Marta Součková-Komžíková 
500 |a V rubrike Recenzie. 
650 0 7 |a romány spoločenské  |2 snkbucl  |9 402806 
655 7 |a články z novín a časopisov  |2 snkbucl  |9 267496 
655 7 |a články z odboru literárna veda a krásna literatúra  |2 snkbucl  |9 770045 
700 1 |a Huxley, Aldous,  |d 1894-1963  |4 aut  |9 110031 
773 0 |t Dotyky  |g Roč. 1, č. 1 (1989), s. 42 
787 0 8 |i Rec.:  |a Huxley, Aldous  |t Kontrapunkt  |d Bratislava : Slovenský spisovateľ, 1988 
850 |a Slovenská národná knižnica v Martine  |a MTA001 
852 |a SNK  |b KIS3GCP 
958 |a RK 
958 |a LX 
958 |a OND 
958 |a EUIPO 
958 |a article15 
992 |a RBX 
999 |c 2063932  |d 2065862